Mahim ki khadi (Record no. 455041)

MARC details
000 -LEADER
fixed length control field 00636nam a2200241Ia 4500
003 - CONTROL NUMBER IDENTIFIER
control field OSt
005 - DATE AND TIME OF LATEST TRANSACTION
control field 20220924143554.0
008 - FIXED-LENGTH DATA ELEMENTS--GENERAL INFORMATION
fixed length control field 220923b |||||||| |||| 00| 0 urd d
037 ## - SOURCE OF ACQUISITION
Terms of availability Textual
040 ## - CATALOGING SOURCE
Original cataloging agency ARTS
Transcribing agency ARTS
Language of cataloging urd
041 ## - LANGUAGE CODE
Source of code urd
Language code of text/sound track or separate title urd
100 ## - MAIN ENTRY--PERSONAL NAME
Personal name Karnak
9 (RLIN) 216334
245 #0 - TITLE STATEMENT
Title Mahim ki khadi
260 ## - PUBLICATION, DISTRIBUTION, ETC.
Date of publication, distribution, etc. 1980
650 ## - SUBJECT ADDED ENTRY--TOPICAL TERM
Topical term or geographic name entry element MARATHI LITERATURE
9 (RLIN) 38000
700 ## - ADDED ENTRY--PERSONAL NAME
Personal name Razzaq Salam Tr.
9 (RLIN) 216335
942 ## - ADDED ENTRY ELEMENTS (KOHA)
Classification part O155,3NMK,1, 168M0
Koha item type Textual
Source of classification or shelving scheme Colon Classification (CC)
Holdings
Withdrawn status Lost status Damaged status Not for loan Home library Current library Date acquired Total Checkouts Full call number Barcode Date last seen Price effective from Koha item type Public note
        Arts Library Arts Library 2022-09-24   O155,3NMK,1 168M0 AL0739007 2022-09-24 2022-09-24 Textual Translated from Marathi to Urdu
Copyright @ Delhi University Library System